[Event "POR CupT 1/8f-1/4f"]
[Site "Torres Novas"]
[Date "2015.05.23"]
[Round "3.2"]
[White "Iagar, Razvan Gabriel"]
[Black "Marques, Mario"]
[Result "1-0"]
[WhiteElo "2189"]
[BlackElo "1789"]
[PlyCount "51"]
[EventDate "2015.05.23"]
[EventType "team-k.o."]
[EventRounds "6"]
[EventCountry "POR"]
[SourceTitle "EXT 2018"]
[Source "ChessBase"]
[SourceDate "2017.10.13"]
[SourceVersion "1"]
[SourceVersionDate "2017.10.13"]
[SourceQuality "1"]
[WhiteTeam "Dias Ferreira"]
[BlackTeam "Porto GX II"]
[WhiteTeamCountry "POR"]
[BlackTeamCountry "POR"]

1. d4 d5 2. c4 Nf6 3. Nc3 e6 4. cxd5 exd5 5. Bg5 Be7 6. e3 Bf5 7. Qb3 Nbd7 8. Bxf6 Nxf6 9. Qxb7 0-0 10. Bb5 a5 11. Nf3 Rb8 12. Qa6 c5 13. dxc5 Bxc5 14. Ba4 Rxb2 15. 0-0 Ne4 16. Ne2 Nd2 17. Nxd2 Rxd2 18. Rfd1 Rxd1+ 19. Rxd1 Bg4 20. h3 Bh5 21. Bb3 Qb6 22. Qxb6 Bxb6 23. g4 Bg6 24. Rxd5 Be4 25. Rd7 h5 26. Ng3 1-0

[Event "Usar Tolas 2nd"]
[Site "Lisbon"]
[Date "2004.04.13"]
[Round "4"]
[White "Rosario, Artur"]
[Black "Marques, Mario"]
[Result "1/2-1/2"]
[WhiteElo "1801"]
[BlackElo "1801"]
[PlyCount "36"]
[EventDate "2004.03.23"]
[EventType "tourn"]
[EventRounds "6"]
[EventCountry "POR"]
[SourceTitle "EXT 2005"]
[Source "ChessBase"]
[SourceDate "2004.11.15"]
[SourceVersion "1"]
[SourceVersionDate "2004.11.15"]
[SourceQuality "1"]

1. e4 c6 2. d4 d5 3. e5 Bf5 4. f4 e6 5. Nf3 c5 6. Bb5+ Nd7 7. 0-0 a6 8. Bxd7+ Qxd7 9. Be3 Rc8 10. dxc5 Bxc5 11. Bxc5 Rxc5 12. Nd4 Ne7 13. Nd2 0-0 14. N2b3 Rc7 15. c3 h6 16. Qh5 Bg6 17. Qg4 Nf5 18. Nxf5 Bxf5 1/2-1/2

[Event "Usar Tolas 2nd"]
[Site "Lisbon"]
[Date "2004.??.??"]
[Round "9"]
[White "Marques, Mario"]
[Black "Mendes, Rui Oscar"]
[Result "0-1"]
[WhiteElo "1800"]
[BlackElo "2025"]
[PlyCount "54"]
[EventDate "2004.03.23"]
[EventType "tourn"]
[EventRounds "6"]
[EventCountry "POR"]
[SourceTitle "EXT 2005"]
[Source "ChessBase"]
[SourceDate "2004.11.15"]
[SourceVersion "1"]
[SourceVersionDate "2004.11.15"]
[SourceQuality "1"]

1. d4 Nf6 2. Nf3 d5 3. Bf4 c6 4. e3 Bg4 5. Be2 e6 6. Ne5 Bxe2 7. Qxe2 Be7 8. Nc3 Qb6 9. Nd3 0-0 10. 0-0 Nbd7 11. a3 c5 12. dxc5 Nxc5 13. b4 Nce4 14. Nxe4 Nxe4 15. c4 dxc4 16. Ne5 Bf6 17. Rac1 Bxe5 18. Bxe5 Qb5 19. Bxg7 Kxg7 20. Qg4+ Qg5 21. Qxe4 b5 22. Rfd1 Rfd8 23. Rd4 Rxd4 24. Qxd4+ Qf6 25. Qc3 Rd8 26. a4 Qxc3 27. Rxc3 Rd1# 0-1